[Event "COL-ch Superate B (Women)"]
[Site "Colombia"]
[Date "2015.10.15"]
[Round "5.6"]
[White "Fiesco, Valentina"]
[Black "Velasquez, Angie Gabriela"]
[Result "1-0"]
[WhiteElo "1834"]
[BlackElo "1749"]
[PlyCount "151"]
[EventDate "2015.10.15"]
[EventType "swiss (rapid)"]
[EventRounds "6"]
[EventCountry "COL"]
[SourceTitle "EXT 2024"]
[Source "ChessBase"]
[SourceDate "2023.10.10"]
[SourceVersion "1"]
[SourceVersionDate "2023.10.10"]
[SourceQuality "1"]

1. d4 d5 2. c4 Nc6 3. e3 e5 4. dxe5 dxc4 5. Qxd8+ Kxd8 6. Bxc4 Nxe5 7. Be2 Nf6 8. Nc3 a6 9. f4 Nc6 10. Nf3 Bd6 11. 0-0 h6 12. a3 Re8 13. b4 Bf5 14. Bc4 Ke7 15. h3 Ne4 16. Nh4 Bh7 17. Bb2 Kf8 18. Nxe4 Bxe4 19. Kf2 b5 20. Bb3 Ne7 21. Rad1 Red8 22. Rd4 Bh7 23. Rfd1 Rac8 24. Nf3 Nf5 25. R4d2 Ne7 26. Ne5 Bg8 27. Bd4 f6 28. Bxg8 fxe5 29. fxe5 Bxb4 30. axb4 Kxg8 31. Ra1 Nd5 32. Bc5 Ra8 33. e4 Nc3 34. Rxd8+ Rxd8 35. Ke3 Na4 36. Bd4 Rd7 37. Rc1 Re7 38. Rc6 Kf7 39. Rxa6 Re6 40. Ra5 Rg6 41. g4 h5 42. gxh5 Rg3+ 43. Kf4 Rxh3 44. Rxb5 Rxh5 45. e6+ Ke7 46. Rxh5 Kxe6 47. Bxg7 Nb6 48. Bd4 Nd7 49. Rh6+ Ke7 50. Rc6 Kd8 51. Bf6+ Kc8 52. e5 Kb7 53. Re6 Nf8 54. Re8 Nd7 55. Kf5 Nb6 56. Rd8 Nc4 57. e6 Nd6+ 58. Rxd6 cxd6 59. e7 d5 60. e8Q d4 61. Qd7+ Ka6 62. Qxd4 Kb5 63. Qc5+ Ka4 64. Qc1 Kb5 65. Bd4 Ka4 66. b5 Ka5 67. b6 Ka6 68. b7 Kxb7 69. Qc5 Kb8 70. Be5+ Kb7 71. Qc7+ Ka6 72. Qb8 Ka5 73. Bd6 Ka6 74. Bc5 Ka5 75. Qb6+ Ka4 76. Qb4# 1-0

[Event "COL-ch Superate B (Women)"]
[Site "Colombia"]
[Date "2015.10.14"]
[Round "9.1"]
[White "Fiesco, Valentina"]
[Black "Cardona Martinez, Lina Sofia"]
[Result "1-0"]
[WhiteElo "1785"]
[BlackElo "1828"]
[PlyCount "57"]
[EventDate "2015.10.14"]
[EventType "swiss (blitz)"]
[EventRounds "12"]
[EventCountry "COL"]
[SourceTitle "EXT 2024"]
[Source "ChessBase"]
[SourceDate "2023.10.10"]
[SourceVersion "1"]
[SourceVersionDate "2023.10.10"]
[SourceQuality "1"]

1. d4 Nf6 2. c4 g6 3. Nc3 Bg7 4. e4 d6 5. f3 0-0 6. Bd3 Nc6 7. Be3 e5 8. d5 Ne7 9. Nge2 c6 10. 0-0 Ne8 11. Bc2 f5 12. Qd2 Qc7 13. Rad1 fxe4 14. fxe4 Rxf1+ 15. Rxf1 Nf6 16. Bg5 Ng4 17. h3 Qb6+ 18. Kh1 Nf2+ 19. Kh2 cxd5 20. Bxe7 d4 21. Nd5 Qc5 22. Rxf2 d3 23. Nf6+ Bxf6 24. Rxf6 dxc2 25. Qxc2 b5 26. Qd2 Kg7 27. Rxd6 Qxc4 28. Bf6+ Kg8 29. Qh6 1-0

[Event "Bogota Superate Cat B Avanzado Girls"]
[Site "Bogota"]
[Date "2015.10.13"]
[Round "4.1"]
[White "Gomez Guardo, Laura Melissa"]
[Black "Fiesco, Valentina"]
[Result "1/2-1/2"]
[WhiteElo "1885"]
[BlackElo "1785"]
[PlyCount "141"]
[EventDate "2015.10.12"]
[EventType "swiss"]
[EventRounds "5"]
[EventCountry "COL"]
[SourceTitle "EXT 2024"]
[Source "ChessBase"]
[SourceDate "2023.10.10"]
[SourceVersion "1"]
[SourceVersionDate "2023.10.10"]
[SourceQuality "1"]

1. d4 d5 2. c4 e6 3. Nf3 Nf6 4. Bg5 Be7 5. e3 0-0 6. Nc3 b6 7. Rc1 Ba6 8. Qb3 c6 9. Be2 Ne4 10. Bf4 Bd6 11. Nxe4 dxe4 12. Ng5 Bxf4 13. exf4 h6 14. Nxe4 Qxd4 15. Bf3 f5 16. Rd1 Qxc4 17. Qxc4 Bxc4 18. Nc3 Bd5 19. Nxd5 exd5 20. Rxd5 Na6 21. Re5 Nb4 22. 0-0 Rad8 23. a3 Nd3 24. Re7 Rf7 25. Rxf7 Kxf7 26. Rd1 Ke7 27. b3 Rd6 28. g3 Nc5 29. Rxd6 Kxd6 30. b4 Nb3 31. Bd1 Nd2 32. f3 b5 33. Kf2 g6 34. Bc2 Nc4 35. a4 Kd5 36. Ke2 Kd4 37. axb5 cxb5 38. g4 Nd6 39. h4 h5 40. Bb3 Nc4 41. Bc2 Ne3 42. gxh5 gxh5 43. Bd3 a6 44. Bb1 Nd5 45. Bxf5 Nxf4+ 46. Kd2 Kc4 47. Bc8 Kxb4 48. Bxa6 Ng2 49. Ke2 Nxh4 50. Kf2 Nf5 51. Bc8 Ng7 52. f4 Kc5 53. f5 Ne8 54. Kg3 Nf6 55. Kh4 Kd4 56. Kg5 Ke5 57. Be6 b4 58. Bb3 Ne4+ 59. Kxh5 Kxf5 60. Kh4 Kf4 61. Kh3 Ke3 62. Kg2 Kd3 63. Ba2 Kc2 64. Kf3 Kb2 65. Bd5 Nd2+ 66. Ke3 Kc3 67. Ba2 Nc4+ 68. Ke2 Nd2 69. Ke3 Kb2 70. Bd5 Nb3 71. Kd3 1/2-1/2

[Event "Mosquera op (Women)"]
[Site "Mosquera"]
[Date "2014.11.01"]
[Round "4"]
[White "Fiesco, Valentina"]
[Black "Zapata, Olga Maria"]
[Result "1/2-1/2"]
[WhiteElo "1867"]
[BlackElo "1726"]
[PlyCount "56"]
[EventDate "2014.10.30"]
[EventType "swiss"]
[EventRounds "9"]
[EventCountry "COL"]
[SourceTitle "EXT 2015"]
[Source "ChessBase"]
[SourceDate "2014.11.20"]
[SourceVersion "1"]
[SourceVersionDate "2014.11.20"]
[SourceQuality "1"]

1. d4 d5 2. c4 e6 3. Nf3 Nf6 4. e3 Nbd7 5. Nc3 Be7 6. Bd3 dxc4 7. Bxc4 0-0 8. 0-0 b6 9. Qe2 Bb7 10. e4 Re8 11. Bf4 Nh5 12. Qd2 Nxf4 13. Qxf4 Nf8 14. Rad1 Ng6 15. Qg3 c6 16. d5 exd5 17. exd5 Bd6 18. Qg4 Qc7 19. Qf5 Rad8 20. dxc6 Bxc6 21. Bd5 Bxd5 22. Nxd5 Qd7 23. Qd3 Qg4 24. h3 Qc8 25. Rfe1 Rxe1+ 26. Rxe1 Bc5 27. Qe4 Kf8 28. Nc3 h6 1/2-1/2

[Event "Bogota Superate Intercol Adv-B (Women)"]
[Site "Bogota"]
[Date "2014.10.27"]
[Round "5.2"]
[White "Ocampo Betancur, Cristina Angela"]
[Black "Fiesco, Valentina"]
[Result "0-1"]
[WhiteElo "1592"]
[BlackElo "1833"]
[PlyCount "108"]
[EventDate "2014.10.25"]
[EventType "swiss (rapid)"]
[EventRounds "6"]
[EventCountry "COL"]
[SourceTitle "EXT 2024"]
[Source "ChessBase"]
[SourceDate "2023.10.10"]
[SourceVersion "1"]
[SourceVersionDate "2023.10.10"]
[SourceQuality "1"]

1. e4 c6 2. d4 d5 3. Nc3 dxe4 4. Nxe4 Nd7 5. Nf3 Ngf6 6. Bd3 e6 7. Bg5 Be7 8. Bxf6 Nxf6 9. c3 0-0 10. 0-0 b6 11. Ne5 Bb7 12. Re1 Qc7 13. Qf3 c5 14. Qh3 Nxe4 15. Bxe4 f5 16. Bxb7 Qxb7 17. Re3 Bf6 18. Qf3 Qc7 19. Rae1 Rae8 20. Qh5 Bxe5 21. Rxe5 cxd4 22. cxd4 Qc4 23. Qe2 Qxa2 24. Rxe6 Rxe6 25. Qxe6+ Qxe6 26. Rxe6 Rd8 27. Kf1 Rxd4 28. Ke2 Kf7 29. Rc6 Rb4 30. Rc7+ Kf6 31. Rxa7 Rxb2+ 32. Ke3 g5 33. Rxh7 b5 34. g3 Ke5 35. f4+ gxf4+ 36. gxf4+ Kd5 37. Rh5 Rb3+ 38. Kd2 Ke4 39. Rh4 Rf3 40. Rh8 Rxf4 41. Kc3 Kf3 42. h4 Kg4 43. h5 Kg5 44. Rb8 b4+ 45. Kb3 Kxh5 46. Rb5 Kg4 47. Kc2 Rd4 48. Kb3 f4 49. Rb8 Kg3 50. Rg8+ Kf2 51. Ra8 f3 52. Ra2+ Kg3 53. Rc2 f2 54. Re2 f1Q 0-1

[Event "Bogota Superate Intercol Adv (Women)"]
[Site "Bogota"]
[Date "2014.10.25"]
[Round "1.2"]
[White "Valencia, Luisa Fernanda"]
[Black "Fiesco, Valentina"]
[Result "0-1"]
[WhiteElo "1531"]
[BlackElo "1867"]
[PlyCount "64"]
[EventDate "2014.10.25"]
[EventType "swiss"]
[EventRounds "5"]
[EventCountry "COL"]
[SourceTitle "EXT 2024"]
[Source "ChessBase"]
[SourceDate "2023.10.10"]
[SourceVersion "1"]
[SourceVersionDate "2023.10.10"]
[SourceQuality "1"]

1. c4 c6 2. d4 d5 3. c5 Bf5 4. Nc3 Qc7 5. g3 f6 6. Bg2 Nd7 7. b4 e5 8. e4 Bxe4 9. Bxe4 dxe4 10. Nxe4 0-0-0 11. Ne2 exd4 12. 0-0 Ne5 13. Bf4 Qd7 14. Bxe5 fxe5 15. Qd3 Nf6 16. Nxf6 gxf6 17. Rfc1 h5 18. b5 h4 19. bxc6 Qxc6 20. Qf5+ Kb8 21. h3 Bxc5 22. Rd1 Rhg8 23. g4 Rg5 24. Qd3 e4 25. Qb3 f5 26. Nf4 Re8 27. Rab1 fxg4 28. Rdc1 gxh3+ 29. Kh2 Rf8 30. Rxc5 Rxc5 31. Ne6 Rxf2+ 32. Kg1 Rg2+ 0-1

[Event "South Region-ch U16"]
[Site "Florencia"]
[Date "2014.05.18"]
[Round "5.1"]
[White "Fiesco, Valentina"]
[Black "Montero Ortiz, Jeison Efren"]
[Result "1-0"]
[WhiteElo "1869"]
[BlackElo "1444"]
[PlyCount "53"]
[EventDate "2014.05.15"]
[EventType "swiss"]
[EventRounds "5"]
[EventCountry "COL"]
[SourceTitle "EXT 2024"]
[Source "ChessBase"]
[SourceDate "2023.10.10"]
[SourceVersion "1"]
[SourceVersionDate "2023.10.10"]
[SourceQuality "1"]

1. d4 d5 2. c4 dxc4 3. Nc3 Nc6 4. e3 Bf5 5. Bxc4 Nf6 6. Qb3 e6 7. Qxb7 Nb4 8. Bb5+ Nd7 9. Ba4 Nd3+ 10. Ke2 Rb8 11. Bxd7+ Kxd7 12. Qxa7 Nxc1+ 13. Rxc1 Rxb2+ 14. Kf3 Qh4 15. g3 Qg4+ 16. Kg2 Be4+ 17. Nxe4 Qxe4+ 18. Nf3 Bd6 19. Qa4+ Ke7 20. Rxc7+ Kf6 21. Ra7 Rhb8 22. Rf1 g5 23. Qd7 R2b7 24. Rxb7 Rxb7 25. Qxd6 g4 26. Qe5+ Qxe5 27. Nxe5 1-0

[Event "South Region-ch U16"]
[Site "Florencia"]
[Date "2014.05.16"]
[Round "2.2"]
[White "Fiesco, Valentina"]
[Black "Ardila Perez, Pedro Ferney"]
[Result "1-0"]
[WhiteElo "1869"]
[BlackElo "1607"]
[PlyCount "57"]
[EventDate "2014.05.15"]
[EventType "swiss"]
[EventRounds "5"]
[EventCountry "COL"]
[SourceTitle "EXT 2024"]
[Source "ChessBase"]
[SourceDate "2023.10.10"]
[SourceVersion "1"]
[SourceVersionDate "2023.10.10"]
[SourceQuality "1"]

1. d4 Nf6 2. c4 c5 3. d5 b5 4. cxb5 d6 5. Nc3 a6 6. e4 g6 7. f3 Bg7 8. Bd3 0-0 9. Nge2 axb5 10. Bxb5 Ba6 11. Be3 Bxb5 12. Nxb5 Qa5+ 13. Nec3 Nbd7 14. 0-0 Rfb8 15. a4 Ne5 16. Qe2 Ne8 17. f4 Nd7 18. f5 Nc7 19. Nxc7 Qxc7 20. Nb5 Qa5 21. Bd2 Qb6 22. Bc3 c4+ 23. Kh1 Bxc3 24. bxc3 Qc5 25. Qg4 Nf6 26. Qf4 Nh5 27. Qg5 Nf6 28. fxg6 hxg6 29. Qf4 1-0

[Event "Bogota IRT Categoria A U14 Girls"]
[Site "Bogota"]
[Date "2013.10.28"]
[Round "3.4"]
[White "Fiesco, Valentina"]
[Black "Guerra Verano, Diana"]
[Result "1-0"]
[WhiteElo "1858"]
[BlackElo "1568"]
[PlyCount "91"]
[EventDate "2013.10.27"]
[EventType "swiss"]
[EventRounds "5"]
[EventCountry "COL"]
[SourceTitle "EXT 2024"]
[Source "ChessBase"]
[SourceDate "2023.10.10"]
[SourceVersion "1"]
[SourceVersionDate "2023.10.10"]
[SourceQuality "1"]

1. d4 d5 2. c4 e6 3. e3 Nf6 4. Nf3 Nbd7 5. Nc3 Be7 6. Bd3 dxc4 7. Bxc4 0-0 8. 0-0 b6 9. Re1 Bb7 10. e4 c5 11. d5 exd5 12. exd5 Re8 13. Bf4 Qc8 14. Qb3 Ba6 15. Bxa6 Qxa6 16. Nb5 Bd8 17. Nd6 Rf8 18. Rad1 Bc7 19. Bg3 Bxd6 20. Bxd6 Rfe8 21. a3 Rac8 22. Be7 Qb7 23. Qd3 Ne5 24. Rxe5 Rxe7 25. Rxe7 Qxe7 26. d6 Qd7 27. Ne5 Qd8 28. d7 Rc7 29. Qc4 Nxd7 30. Qxf7+ Kh8 31. Rxd7 Rxd7 32. Qxd7 Qxd7 33. Nxd7 Kg8 34. f4 Kf7 35. Kf2 Kg6 36. Ne5+ Kf5 37. Kf3 g5 38. g3 a6 39. Nd7 gxf4 40. gxf4 b5 41. Nxc5 Kf6 42. Ke4 a5 43. Nb7 b4 44. Nxa5 bxa3 45. bxa3 Ke7 46. Nc4 1-0

[Event "Bogota IRT Categoria A U14 Girls"]
[Site "Bogota"]
[Date "2013.10.27"]
[Round "2.7"]
[White "Castro, Dayana"]
[Black "Fiesco, Valentina"]
[Result "0-1"]
[WhiteElo "1540"]
[BlackElo "1858"]
[PlyCount "54"]
[EventDate "2013.10.27"]
[EventType "swiss"]
[EventRounds "5"]
[EventCountry "COL"]
[SourceTitle "EXT 2024"]
[Source "ChessBase"]
[SourceDate "2023.10.10"]
[SourceVersion "1"]
[SourceVersionDate "2023.10.10"]
[SourceQuality "1"]

1. e4 c6 2. d4 d5 3. exd5 cxd5 4. Nc3 e6 5. Nf3 Nf6 6. Be3 Bd6 7. h3 Nc6 8. Bb5 Bd7 9. Ne2 0-0 10. Bxc6 Bxc6 11. c3 Qc7 12. 0-0 Ne4 13. Qc2 Rac8 14. Rac1 f5 15. Ng5 Qe7 16. Nf3 Bb5 17. Ne5 f4 18. Bd2 Bxe2 19. Rfe1 Bh5 20. f3 Bxe5 21. dxe5 Qc5+ 22. Kh1 Ng3+ 23. Kh2 Qf2 24. Qd3 Rc4 25. b3 Bg6 26. Qxg6 hxg6 27. bxc4 Qxd2 0-1

[Event "Pamplona Sub zt 2.3 (Women)"]
[Site "Pamplona"]
[Date "2012.11.09"]
[Round "8"]
[White "Fiesco, Valentina"]
[Black "Quinonez Lara, Maria Constanza"]
[Result "0-1"]
[WhiteElo "1909"]
[BlackElo "1755"]
[PlyCount "68"]
[EventDate "2012.11.05"]
[EventType "swiss"]
[EventRounds "9"]
[EventCountry "COL"]
[SourceTitle "EXT 2013"]
[Source "ChessBase"]
[SourceDate "2012.11.22"]
[SourceVersion "1"]
[SourceVersionDate "2012.11.22"]
[SourceQuality "1"]

1. d4 d6 2. c4 Nd7 3. Nc3 e5 4. d5 Be7 5. e4 Ngf6 6. Bd3 0-0 7. Nge2 Re8 8. Ng3 Nf8 9. f3 Ng6 10. Be3 a6 11. Qd2 Bd7 12. 0-0 h6 13. Rac1 Nh7 14. Nce2 c5 15. f4 exf4 16. Nxf4 Ne5 17. Nf5 Bf8 18. Be2 Nf6 19. Ng3 Nfg4 20. Bxg4 Nxg4 21. h3 Nf6 22. Qc2 Nxe4 23. Nxe4 Qe7 24. Bxc5 dxc5 25. Ng3 Qe3+ 26. Qf2 Bd6 27. Qxe3 Rxe3 28. Nge2 b5 29. b3 Rae8 30. Rf2 Bf5 31. Rc3 Rxc3 32. Nxc3 Re1+ 33. Kh2 b4 34. Na4 g5 0-1

[Event "Pamplona Sub zt 2.3 (Women)"]
[Site "Pamplona"]
[Date "2012.11.08"]
[Round "7"]
[White "Fiesco, Valentina"]
[Black "Velasco, Luz Mariela"]
[Result "0-1"]
[WhiteElo "1909"]
[BlackElo "1813"]
[PlyCount "66"]
[EventDate "2012.11.05"]
[EventType "swiss"]
[EventRounds "9"]
[EventCountry "COL"]
[SourceTitle "EXT 2013"]
[Source "ChessBase"]
[SourceDate "2012.11.22"]
[SourceVersion "1"]
[SourceVersionDate "2012.11.22"]
[SourceQuality "1"]

1. d4 Nf6 2. c4 g6 3. Nc3 Bg7 4. e4 d6 5. f3 0-0 6. Be3 a6 7. Nge2 c6 8. Ng3 b5 9. Bd3 Nbd7 10. 0-0 c5 11. cxb5 cxd4 12. Bxd4 Nc5 13. Bxc5 dxc5 14. bxa6 Qb6 15. Na4 Qa7 16. Kh1 Rd8 17. Qc2 Rxd3 18. Nxc5 Rd8 19. Rfd1 Bxa6 20. Rac1 Bb5 21. a3 Rdc8 22. e5 Nd7 23. Nge4 Nxe5 24. Qb3 Rab8 25. Qe3 Bc6 26. Qd2 Ba8 27. Qe2 Nc6 28. Rd7 Rc7 29. Rxc7 Qxc7 30. Na6 Qf4 31. Rc2 Nd4 32. Qd3 Nxc2 33. Qxc2 Bxe4 0-1

[Event "Pamplona Sub zt 2.3 (Women)"]
[Site "Pamplona"]
[Date "2012.11.05"]
[Round "2"]
[White "Mercado, Luisa Fernanda"]
[Black "Fiesco, Valentina"]
[Result "1-0"]
[WhiteElo "2044"]
[BlackElo "1909"]
[PlyCount "51"]
[EventDate "2012.11.05"]
[EventType "swiss"]
[EventRounds "9"]
[EventCountry "COL"]
[SourceTitle "EXT 2013"]
[Source "ChessBase"]
[SourceDate "2012.11.22"]
[SourceVersion "1"]
[SourceVersionDate "2012.11.22"]
[SourceQuality "1"]

1. e4 c6 2. d4 d5 3. exd5 cxd5 4. c4 e6 5. Nc3 Nf6 6. cxd5 Nxd5 7. Nf3 Bb4 8. Bd2 0-0 9. Bd3 Nxc3 10. bxc3 Be7 11. 0-0 Nd7 12. Qc2 f5 13. Bc4 Nb6 14. Bb3 Kh8 15. Rfe1 Nd5 16. Ne5 Bf6 17. Rad1 Qc7 18. c4 Ne7 19. Bf4 Qa5 20. d5 exd5 21. cxd5 Ng6 22. Nxg6+ hxg6 23. Qd3 Qc3 24. Qxc3 Bxc3 25. Re3 Bf6 26. Rh3+ 1-0